| 000 | 00871cab a2200253 4500 | ||
|---|---|---|---|
| 001 | ABS53532 | ||
| 008 | 090401t1995 xxu||||| |||| 00| 0 eng d | ||
| 035 | _a(Sirsi) u4959 | ||
| 041 | _aeng | ||
| 100 | _aJerram, D. | ||
| 245 | _aFinding default | ||
| 260 | _c1995 | ||
| 350 | _a0 | ||
| 490 |
_aNew Civil Engineer _v(1144) 28 September 1995, 22-23(2) |
||
| 520 | _aLooks at the implications for performance bonds of the House of Lords decisions in "Trafalgar House Construction v General Surety & Guarantee Co" and "Ruxley Electronics v Forsyth" (Abs53197). | ||
| 650 | _aICE BOND | ||
| 650 | _aPERFORMANCE BONDS | ||
| 650 | _aProcurement-old | ||
| 650 | _aRUXLEY ELECTRONICS V FORSYTH | ||
| 650 | _aTRAFALGAR HOUSE CONSTRUCTION V GENERAL SURETY & GUARANTEE CO | ||
| 690 | _aBUILT ENVIRONMENT-BUILDING CONTRACT FORMS | ||
| 942 | _n0 | ||
| 948 | _c04/03/1997 | ||
| 999 |
_c2994 _d2994 |
||